| 000 | 00371nam a2200157Ia 4500 | ||
|---|---|---|---|
| 999 |
_c6166 _d6166 |
||
| 003 | OSt | ||
| 005 | 20190919134533.0 | ||
| 008 | 190906s9999||||xx |||||||||||||| ||und|| | ||
| 020 | _a978-0201537710 | ||
| 040 | _cmaju | ||
| 100 | _aAbiteboul , Hull | ||
| 245 | 0 | _aFoundations of Databases | |
| 260 |
_aNew York _bAddison-Wesley _c1995 |
||
| 300 | _a685 | ||
| 942 |
_cBK _2ddc |
||